<?xml version="1.0" encoding="UTF-8"?>
<record
    xmlns:xsi="http://www.w3.org/2001/XMLSchema-instance"
    xsi:schemaLocation="http://www.loc.gov/MARC21/slim http://www.loc.gov/standards/marcxml/schema/MARC21slim.xsd"
    xmlns="http://www.loc.gov/MARC21/slim">

  <leader>01996nkc a22002897a 4500</leader>
  <controlfield tag="001">85797</controlfield>
  <controlfield tag="005">20260416162150.0</controlfield>
  <controlfield tag="007">kh boc</controlfield>
  <controlfield tag="008">260413s1904    sp ||||| |||| |0| i|spa d</controlfield>
  <datafield tag="040" ind1=" " ind2=" ">
    <subfield code="a">M-RABA</subfield>
    <subfield code="b">spa</subfield>
    <subfield code="c">M-RABA</subfield>
  </datafield>
  <datafield tag="100" ind1=" " ind2=" ">
    <subfield code="a">Nov&#xE1;s, Lorenzo</subfield>
    <subfield code="d">(1880-1946)</subfield>
    <subfield code="9">111664</subfield>
  </datafield>
  <datafield tag="245" ind1="1" ind2="1">
    <subfield code="a">[Escenas de festejos de Pontevedra]</subfield>
    <subfield code="c">/ L. Nov&#xE1;s</subfield>
    <subfield code="h">[Material gr&#xE1;fico]</subfield>
  </datafield>
  <datafield tag="260" ind1=" " ind2=" ">
    <subfield code="a">Pontevedra</subfield>
    <subfield code="b">: L. Novas</subfield>
    <subfield code="c">, ca. 1904</subfield>
  </datafield>
  <datafield tag="300" ind1=" " ind2=" ">
    <subfield code="a">4 fotograf&#xED;as</subfield>
    <subfield code="b">: aristotipo</subfield>
    <subfield code="c">, imagen 12 x 17 cm </subfield>
    <subfield code="c">, soporte secundario 20 x 25 cm </subfield>
  </datafield>
  <datafield tag="500" ind1="0" ind2="0">
    <subfield code="a">Conjunto de 4 fotograf&#xED;as sobre festejos de la provincia de Pontevedra que representan danzas, desfiles populares y m&#xFA;sicos. </subfield>
  </datafield>
  <datafield tag="500" ind1="0" ind2="0">
    <subfield code="a">En el soporte, en el &#xE1;ngulo inferior izquierdo, un sello de papel simulando lacre rojo: "L. Novas / S[uces]or de ZAGALA / PONTEVEDRA".</subfield>
  </datafield>
  <datafield tag="500" ind1="0" ind2="0">
    <subfield code="a">T&#xED;tulos de las fotograf&#xED;as tomados de las anotaciones manuscritas a tinta en los soportes secundarios.</subfield>
  </datafield>
  <datafield tag="505" ind1=" " ind2=" ">
    <subfield code="a">Fot-633: "Danza de Espadas de Redondela en un Certamen de Pontevedra". Fot-634: "Danza de espadas de Mar&#xED;n en un certamen de Pontevedra". Fot-635: "Certamen de Mayos, 1904, Pontevedra". Fot-636: "Sr. Manuel Montero (a) Xormian. Que Graba, Pontevedra". </subfield>
  </datafield>
  <datafield tag="651" ind1=" " ind2="7">
    <subfield code="a">Pontevedra</subfield>
    <subfield code="2">embne</subfield>
    <subfield code="9">75412</subfield>
  </datafield>
  <datafield tag="655" ind1=" " ind2="7">
    <subfield code="a">Fotograf&#xED;as.</subfield>
    <subfield code="9">54128</subfield>
  </datafield>
  <datafield tag="852" ind1=" " ind2=" ">
    <subfield code="j">Fot-633; Fot-634; Fot-635; Fot-636</subfield>
  </datafield>
  <datafield tag="856" ind1=" " ind2=" ">
    <subfield code="u">https://archivoybiblioteca.realacademiabellasartessanfernando.com/cgi-bin/koha/opac-retrieve-file.pl?id=7c39a5452f013a593b999fd264d27715</subfield>
    <subfield code="y">Fot-633</subfield>
  </datafield>
  <datafield tag="856" ind1=" " ind2=" ">
    <subfield code="u">https://archivoybiblioteca.realacademiabellasartessanfernando.com/cgi-bin/koha/opac-retrieve-file.pl?id=7a76d8373dd419348f94dbc06b0b16f9</subfield>
    <subfield code="y">Fot-634</subfield>
  </datafield>
  <datafield tag="856" ind1=" " ind2=" ">
    <subfield code="u">https://archivoybiblioteca.realacademiabellasartessanfernando.com/cgi-bin/koha/opac-retrieve-file.pl?id=f4fbe5cd4661ee8daf36606511b11d3d</subfield>
    <subfield code="y">Fot-635</subfield>
  </datafield>
  <datafield tag="856" ind1=" " ind2=" ">
    <subfield code="u">https://archivoybiblioteca.realacademiabellasartessanfernando.com/cgi-bin/koha/opac-retrieve-file.pl?id=8be111afe8680bc01e8a6ec6ac9c544a</subfield>
    <subfield code="y">Fot-636</subfield>
  </datafield>
  <datafield tag="942" ind1=" " ind2=" ">
    <subfield code="c">FOTOGRAF&#xCD;A</subfield>
    <subfield code="n">0</subfield>
  </datafield>
  <datafield tag="952" ind1=" " ind2=" ">
    <subfield code="0">0</subfield>
    <subfield code="1">0</subfield>
    <subfield code="2">ddc</subfield>
    <subfield code="4">0</subfield>
    <subfield code="7">0</subfield>
    <subfield code="8">FOTOGRAFIA</subfield>
    <subfield code="a">RABASF</subfield>
    <subfield code="b">RABASF</subfield>
    <subfield code="c">DP2</subfield>
    <subfield code="d">2026-04-13</subfield>
    <subfield code="l">0</subfield>
    <subfield code="o">Fot-633</subfield>
    <subfield code="p">1096899</subfield>
    <subfield code="r">2026-04-13 13:41:30</subfield>
    <subfield code="w">2026-04-13</subfield>
    <subfield code="y">FOTOGRAF&#xCD;A</subfield>
  </datafield>
  <datafield tag="952" ind1=" " ind2=" ">
    <subfield code="0">0</subfield>
    <subfield code="1">0</subfield>
    <subfield code="2">ddc</subfield>
    <subfield code="4">0</subfield>
    <subfield code="7">0</subfield>
    <subfield code="8">FOTOGRAFIA</subfield>
    <subfield code="a">RABASF</subfield>
    <subfield code="b">RABASF</subfield>
    <subfield code="c">DP2</subfield>
    <subfield code="d">2026-04-13</subfield>
    <subfield code="l">0</subfield>
    <subfield code="o">Fot-634</subfield>
    <subfield code="p">1096900</subfield>
    <subfield code="r">2026-04-13 13:41:30</subfield>
    <subfield code="w">2026-04-13</subfield>
    <subfield code="y">FOTOGRAF&#xCD;A</subfield>
  </datafield>
  <datafield tag="952" ind1=" " ind2=" ">
    <subfield code="0">0</subfield>
    <subfield code="1">0</subfield>
    <subfield code="2">ddc</subfield>
    <subfield code="4">0</subfield>
    <subfield code="7">0</subfield>
    <subfield code="8">FOTOGRAFIA</subfield>
    <subfield code="a">RABASF</subfield>
    <subfield code="b">RABASF</subfield>
    <subfield code="c">DP2</subfield>
    <subfield code="d">2026-04-13</subfield>
    <subfield code="l">0</subfield>
    <subfield code="o">Fot-635</subfield>
    <subfield code="p">1096901</subfield>
    <subfield code="r">2026-04-13 13:41:30</subfield>
    <subfield code="w">2026-04-13</subfield>
    <subfield code="y">FOTOGRAF&#xCD;A</subfield>
  </datafield>
  <datafield tag="952" ind1=" " ind2=" ">
    <subfield code="0">0</subfield>
    <subfield code="1">0</subfield>
    <subfield code="2">ddc</subfield>
    <subfield code="4">0</subfield>
    <subfield code="7">0</subfield>
    <subfield code="8">FOTOGRAFIA</subfield>
    <subfield code="a">RABASF</subfield>
    <subfield code="b">RABASF</subfield>
    <subfield code="c">DP2</subfield>
    <subfield code="d">2026-04-13</subfield>
    <subfield code="l">0</subfield>
    <subfield code="o">Fot-636</subfield>
    <subfield code="p">1096902</subfield>
    <subfield code="r">2026-04-13 13:41:30</subfield>
    <subfield code="w">2026-04-13</subfield>
    <subfield code="y">FOTOGRAF&#xCD;A</subfield>
  </datafield>
  <datafield tag="999" ind1=" " ind2=" ">
    <subfield code="c">85797</subfield>
    <subfield code="d">85797</subfield>
  </datafield>
</record>
